000 00306nam a22001457a 4500
003 SGT
020 _a9789352837311
082 _a339
_bAHU
100 _aAHUJA, H.L.
245 _aPRINCIPLES OF MICROECONOMICS
250 _a22TH
260 _aINDIA
_bS.CHAND
_c2021
300 _a850
942 _2ddc
_cBK
_033
999 _c22660
_d22660